| 000 | 00489nam a22001697a 4500 | ||
|---|---|---|---|
| 003 | OSt | ||
| 005 | 20140310182457.0 | ||
| 008 | 130220t xxu||||| |||| 00| 0 eng d | ||
| 020 | _a9710388554 | ||
| 050 |
_aJQ 1415 _b.G216 2009 |
||
| 100 |
_aGarcia, Carlito D. _98463 |
||
| 245 |
_aPhilippine government and constitution / _c Carlito D. Garcia. |
||
| 260 |
_aMandaluyong City : _b Books Atbp Publishing, _cc2009. |
||
| 300 |
_a255 p. : _c26 cm. |
||
| 942 |
_2lcc _cSSLC |
||
| 999 |
_c13758 _d13758 |
||